| 000 | 00488nam a22001817u 4500 | ||
|---|---|---|---|
| 003 | OSt | ||
| 005 | 20130410124202.0 | ||
| 008 | 130402s2012 sp ||||| |||| 00| 0 cat d | ||
| 020 | _a9788474269446 | ||
| 040 | _cCDMR | ||
| 100 | 1 |
_92519 _aMicó, Josep Lluís |
|
| 245 | 1 | 0 |
_aCiberètica _b: TIC i canvi de valors _cJosep Lluís Micó |
| 260 |
_aBarcelona _bBarcino _c2012 |
||
| 300 | _a120 p. | ||
| 490 | 0 | _aObservatori dels Valors | |
| 650 | 0 | 4 |
_9983 _aÈtica periodística |
| 942 |
_2udc _cMON |
||
| 999 |
_c6041 _d6041 |
||